[Event "Mondiale Lampo FIDE 2017"]
[Site "Riyadh"]
[Date "29.12.2017"]
[Round "1.49"]
[White "Amin, Bassem"]
[Black "Lodhi, Mahmood"]
[Result "1/2-1/2"]
[WhiteTitle "GM"]
[BlackTitle "IM"]
[WhiteElo "2689"]
[BlackElo "2347"]
[WhiteFideId "10601457"]
[BlackFideId "7800010"]
[EventDate "2017.12.29"]

1. e4 g6 2. Nf3 Bg7 3. d3 c5 4. g3 Nc6 5. Bg2 d6 6. O-O Nf6 7. c3 O-O 8. Re1 e5
9. a3 a5 10. a4 b6 11. Na3 Ba6 12. Nb5 Re8 13. Nd2 Na7 14. Qb3 Nxb5 15. axb5 Bc8
16. Nc4 Be6 17. Qc2 Rb8 18. f4 Qc7 19. Rf1 Nd7 20. Ne3 f6 21. f5 Bf7 22. h4 Nf8
23. c4 Qe7 24. Nd5 Bxd5 25. exd5 g5 26. Be4 Bh6 27. hxg5 Bxg5 28. Bxg5 fxg5 29.
f6 Qf7 30. Qd2 h6 31. Qh2 1/2-1/2

[Event "Mondiale Lampo FIDE 2017"]
[Site "Riyadh"]
[Date "29.12.2017"]
[Round "1.51"]
[White "Quparadze, Giga"]
[Black "Omar, Noaman"]
[Result "0-1"]
[WhiteTitle "GM"]
[BlackTitle "IM"]
[WhiteElo "2506"]
[BlackElo "2364"]
[WhiteFideId "13602250"]
[BlackFideId "9300244"]
[EventDate "2017.12.29"]

1. e4 c6 2. d4 d5 3. Nc3 dxe4 4. Nxe4 Bf5 5. Ng3 Bg6 6. h4 h6 7. Nf3 Nd7 8. h5
Bh7 9. Bd3 Bxd3 10. Qxd3 e6 11. Bd2 Ngf6 12. O-O-O Qc7 13. Ne4 O-O-O 14. g3 Nxe4
15. Qxe4 Bd6 16. c4 c5 17. d5 Nf6 18. Qc2 exd5 19. cxd5 Kb8 20. Bc3 Rhe8 21.
Bxf6 gxf6 22. Nh4 Qd7 23. Nf5 Bf8 24. f4 Qb5 25. Qb3 Qe2 26. Rd2 Qe4 27. Rhd1
Qxf5 28. d6 Rd7 29. Rd5 Qe6 30. Qb5 Red8 31. Kb1 Rxd6 32. Rxd6 Bxd6 33. Qa5 b6
34. Qb5 Qe4+ 35. Ka1 Bc7 36. Rb1 Rd2 37. a3 Qd3 38. Qe8+ Kb7 39. Qxf7 Qd4 40.
Qe6 Rd3 41. Ka2 a5 42. Re1 Rd2 43. Qe4+ Qxe4 44. Rxe4 Rg2 45. Re6 Rxg3 46. Rxf6
Rf3 47. f5 Bf4 48. Rf7+ Ka6 49. Kb1 Be5 50. a4 Rf2 51. b3 Rb2+ 52. Kc1 Rxb3 53.
Re7 Bd4 54. Re6 Rf3 55. Kc2 Rxf5 56. Rxh6 Rf3 57. Rd6 Rh3 58. Rh6 c4 59. Rc6
Rxh5 60. Rd6 Rh2+ 61. Kc1 Bc5 62. Rd8 Bb4 63. Ra8+ Kb7 64. Rg8 Kc6 65. Rg7 Bd6
66. Rg4 Kd5 67. Rg5+ Be5 68. Rg6 Bd4 69. Rg5+ Ke4 70. Rg3 Be3+ 71. Kb1 Kd3 72.
Rg6 c3 73. Rd6+ Bd4 74. Rc6 c2+ 75. Rxc2 Rh1+ 76. Rc1 Rxc1+ 77. Kxc1 Kc4 0-1

[Event "Mondiale Lampo FIDE 2017"]
[Site "Riyadh"]
[Date "29.12.2017"]
[Round "1.52"]
[White "Al Ghamdi, Ahmed M"]
[Black "Meier, Georg"]
[Result "0-1"]
[WhiteTitle "CM"]
[BlackTitle "GM"]
[WhiteElo "2159"]
[BlackElo "2650"]
[WhiteFideId "21500150"]
[BlackFideId "4675789"]
[EventDate "2017.12.29"]

1. e4 e6 2. d4 d5 3. Nc3 dxe4 4. Nxe4 Nd7 5. Nf3 Ngf6 6. Nxf6+ Nxf6 7. Bd3 c5 8.
O-O cxd4 9. Nxd4 Bc5 10. Nb3 Bd6 11. Qf3 Qc7 12. h3 Bd7 13. a4 a6 14. Bg5 Bh2+
15. Kh1 Be5 16. c3 h6 17. Bxf6 Bxf6 18. Rfe1 O-O 19. Nd4 Rfd8 0-1

[Event "Mondiale Lampo FIDE 2017"]
[Site "Riyadh"]
[Date "29.12.2017"]
[Round "1.53"]
[White "Vidit, Santosh Gujrathi"]
[Black "Lam, Daniel King-wai"]
[Result "1-0"]
[WhiteTitle "GM"]
[BlackTitle "FM"]
[WhiteElo "2715"]
[BlackElo "2222"]
[WhiteFideId "5029465"]
[BlackFideId "6001238"]
[EventDate "2017.12.29"]

1. d4 e6 2. Nf3 Nf6 3. c4 b6 4. g3 Ba6 5. b3 Bb4+ 6. Bd2 Be7 7. Nc3 Bb7 8. Bg2
O-O 9. O-O c5 10. d5 exd5 11. Nh4 Re8 12. Nf5 Bf8 13. Bf4 Ne4 14. Nxd5 Na6 15.
Rc1 g6 16. Nh6+ Bxh6 17. Bxh6 Nb4 18. Nxb4 cxb4 19. Qd4 f6 20. Rc2 Bc6 21. Bd2
Nxd2 22. Rxd2 Qe7 23. e3 Rad8 24. Rfd1 Rc8 25. Qf4 Qe5 26. Bd5+ Kh8 27. Qh6 Re7
28. Bxc6 dxc6 29. Rd8+ Rxd8 30. Rxd8+ Re8 31. Rd7 Qa1+ 32. Kg2 1-0

[Event "Mondiale Lampo FIDE 2017"]
[Site "Riyadh"]
[Date "29.12.2017"]
[Round "1.54"]
[White "Al-Hajiri, Bader"]
[Black "Sjugirov, Sanan"]
[Result "0-1"]
[WhiteTitle "FM"]
[BlackTitle "GM"]
[WhiteElo "2165"]
[BlackElo "2650"]
[WhiteFideId "10300163"]
[BlackFideId "4189302"]
[EventDate "2017.12.29"]

1. e4 c5 2. Nf3 e6 3. d4 cxd4 4. Nxd4 Nc6 5. Nc3 a6 6. Be3 Nf6 7. Bd3 Qc7 8. O-O
Be7 9. Kh1 d6 10. f3 O-O 11. Qd2 b5 12. Qf2 Bb7 13. Rad1 Ne5 14. Nb3 Rac8 15.
Rfe1 Rfe8 16. Qg3 Kh8 17. h3 b4 18. Ne2 d5 19. Bf4 Bd6 20. Bxe5 Bxe5 21. f4 Bxb2
22. e5 Ne4 23. Qh4 h6 24. Ned4 Qb6 25. Bxe4 dxe4 26. f5 exf5 27. Nxf5 Bxe5 0-1

[Event "Mondiale Lampo FIDE 2017"]
[Site "Riyadh"]
[Date "29.12.2017"]
[Round "1.55"]
[White "Demchenko, Anton"]
[Black "Amer, Said Salim Al Maashani"]
[Result "1-0"]
[WhiteTitle "GM"]
[BlackTitle "FM"]
[WhiteElo "2660"]
[BlackElo "2103"]
[WhiteFideId "4160258"]
[BlackFideId "22000100"]
[EventDate "2017.12.29"]

1. e4 c5 2. Nf3 Nc6 3. Bb5 g6 4. Bxc6 dxc6 5. d3 Bg7 6. h3 Nf6 7. Nc3 O-O 8. Be3
b6 9. Qd2 a5 10. a4 Ba6 11. b3 Nd7 12. Bh6 b5 13. Bxg7 Kxg7 14. O-O Nf6 15. Qe3
c4 16. bxc4 bxc4 17. d4 Qc7 18. Rfd1 Rfd8 19. d5 cxd5 20. e5 Nh5 21. g4 d4 22.
Nxd4 Rd5 1-0

[Event "Mondiale Lampo FIDE 2017"]
[Site "Riyadh"]
[Date "29.12.2017"]
[Round "1.56"]
[White "Al Jabri, Mohammed Ali"]
[Black "Sargissian, Gabriel"]
[Result "1-0"]
[BlackTitle "GM"]
[WhiteElo "2154"]
[BlackElo "2672"]
[WhiteFideId "7604734"]
[BlackFideId "13300881"]
[EventDate "2017.12.29"]

1. e4 g6 2. d4 Bg7 3. Nc3 d6 4. Be3 Nc6 5. Qd2 e5 6. Nge2 Nf6 7. f3 O-O 8. O-O-O
a6 9. g4 b5 10. d5 Ne7 11. Ng3 b4 12. Nce2 a5 13. h4 b3 14. cxb3 a4 15. b4 c6
16. dxc6 Nxc6 17. a3 d5 18. exd5 Nd4 19. Nxd4 exd4 20. Bxd4 Bb7 21. Kb1 Qxd5 22.
Bxf6 Qxd2 23. Rxd2 Bxf6 24. Ne4 Be5 25. Bb5 f5 26. gxf5 gxf5 27. Ng5 Rac8 28.
Ne6 Rf6 29. Rg1+ Kh8 30. Nc5 Bxf3 31. Rd7 Rg6 32. Re1 Bf6 33. Bd3 Bg4 34. Re6
Bxh4 35. Rxg6 hxg6 36. Ne6 Re8 37. Nf4 Re1+ 38. Kc2 Bh5 39. Nxh5 gxh5 40. Bxf5
Kg8 41. Ra7 Re5 42. Bd3 Bg3 43. Rxa4 h4 44. Bf1 Re1 45. Bh3 Rh1 46. Be6+ 1-0

[Event "Mondiale Lampo FIDE 2017"]
[Site "Riyadh"]
[Date "29.12.2017"]
[Round "1.57"]
[White "Dreev, Aleksey"]
[Black "Al Habeeb, Emad"]
[Result "1-0"]
[WhiteTitle "GM"]
[WhiteElo "2653"]
[BlackElo "1933"]
[WhiteFideId "4100107"]
[BlackFideId "21500029"]
[EventDate "2017.12.29"]

1. d4 Nf6 2. Nf3 g6 3. g3 Bg7 4. Bg2 O-O 5. O-O d6 6. b3 Bg4 7. Bb2 c6 8. Nbd2
Nbd7 9. h3 Bxf3 10. Nxf3 Qc7 11. c4 Rad8 12. Qc2 e5 13. e3 Qb6 14. dxe5 dxe5 15.
Nxe5 Nxe5 16. Bxe5 Rfe8 17. Bd4 c5 18. Bc3 Rd7 19. Rad1 Red8 20. Bf3 Qe6 21. Kg2
b6 22. Rxd7 Rxd7 23. Re1 Ne8 24. Bd5 Qd6 25. Bxg7 Nxg7 26. Qc3 Ne6 27. Qf6 Qe7
28. Qxe7 Rxe7 29. Bxe6 Rxe6 30. Rd1 Re7 31. g4 Kg7 32. Rd6 h6 33. Kg3 Kf8 34. h4
Kg7 35. Kf4 f6 36. Kf3 Kf7 37. e4 Rc7 1-0

[Event "Mondiale Lampo FIDE 2017"]
[Site "Riyadh"]
[Date "29.12.2017"]
[Round "1.58"]
[White "Farhan, Marwan Ali"]
[Black "Christiansen, Johan-Sebastian"]
[Result "0-1"]
[BlackTitle "IM"]
[WhiteElo "1975"]
[BlackElo "2495"]
[WhiteFideId "9401652"]
[BlackFideId "1512668"]
[EventDate "2017.12.29"]

1. e4 e5 2. Nf3 Nc6 3. d4 exd4 4. Nxd4 Nf6 5. Nxc6 bxc6 6. Bd3 d5 7. exd5 cxd5
8. O-O Be7 9. Re1 O-O 10. Nd2 Bg4 11. Be2 Bf5 12. Nf3 c5 13. c3 Rb8 14. Ne5 Qc7
15. Bg5 Qxe5 16. Qc1 Qc7 17. Bf3 h6 18. Bxf6 Bxf6 19. Bxd5 Rfd8 20. Bf3 Be5 21.
g3 Bf6 22. Bg2 Bg5 23. f4 Bf6 24. Qe3 Rxb2 25. Rad1 Rbb8 26. c4 Bd4 27. Rxd4
cxd4 28. Qa3 d3 29. Bd5 Qb6+ 30. Kg2 Qb2+ 31. Qxb2 Rxb2+ 32. Kf3 d2 0-1

[Event "Mondiale Lampo FIDE 2017"]
[Site "Riyadh"]
[Date "29.12.2017"]
[Round "1.59"]
[White "Nguyen, Ngoc Truong Son"]
[Black "Bukannan, Ahmed A"]
[Result "1-0"]
[WhiteTitle "GM"]
[WhiteElo "2630"]
[BlackElo "1929"]
[WhiteFideId "12401110"]
[BlackFideId "21504164"]
[EventDate "2017.12.29"]

1. d4 Nf6 2. c4 g6 3. Nc3 Bg7 4. e4 d6 5. Nf3 O-O 6. Be2 b6 7. O-O Bb7 8. Qc2
Nbd7 9. Rd1 c5 10. d5 Ne5 11. Nxe5 dxe5 12. a3 Nd7 13. Bd3 Rc8 14. Be3 Qe8 15.
b4 e6 16. Nb5 Qe7 17. Nxa7 Ra8 18. Nc6 Bxc6 19. dxc6 Nf6 20. b5 Ng4 21. Qe2 f5
22. h3 Nh6 23. Bxh6 Bxh6 24. Bc2 f4 25. Qf3 Rfd8 26. Rxd8+ Rxd8 27. Rd1 Rd4 28.
Rxd4 exd4 29. a4 e5 30. Qg4 d3 31. Bxd3 Qd6 32. Qd7 Qxd7 33. cxd7 Bg5 34. a5
bxa5 35. b6 Kg7 36. b7 a4 37. b8=Q f3 38. Qxe5+ Bf6 39. Qxf6+ Kxf6 40. d8=Q+ Kg7
41. Qe7+ Kh6 42. g4 a3 43. h4 a2 44. Qf8# 1-0

[Event "Mondiale Lampo FIDE 2017"]
[Site "Riyadh"]
[Date "29.12.2017"]
[Round "1.60"]
[White "Masrahi, Abdulrahman A"]
[Black "Naiditsch, Arkadij"]
[Result "0-1"]
[WhiteTitle "CM"]
[BlackTitle "GM"]
[WhiteElo "1962"]
[BlackElo "2705"]
[WhiteFideId "21501564"]
[BlackFideId "4650891"]
[EventDate "2017.12.29"]

1. d4 Nf6 2. Bf4 g6 3. e3 Bg7 4. h3 c5 5. c3 O-O 6. Nf3 cxd4 7. exd4 d6 8. Be2
Re8 9. O-O Nc6 10. Nbd2 e5 11. Bh2 e4 12. Ne1 d5 13. Nc2 Ne7 14. Ne3 Nf5 15. Qb3
Bh6 16. Nxf5 Bxf5 17. Rad1 Qd7 18. Rfe1 e3 19. fxe3 Bxe3+ 20. Kh1 Bxd2 21. Rxd2
Ne4 22. Rdd1 Nf2+ 23. Kg1 Nxd1 24. Qxd1 Re6 25. Rf1 Rae8 26. Bf3 Be4 27. Be5
Bxf3 28. Rxf3 f6 29. Rxf6 Rxf6 30. Bxf6 Re4 31. Be5 h5 32. Qf3 Qf7 33. Qd1 Kh7
34. Qd2 Qf5 35. Qd1 Re3 36. Qb3 Qf7 37. Qa3 Re2 38. Qd6 Qf2+ 0-1

[Event "Mondiale Lampo FIDE 2017"]
[Site "Riyadh"]
[Date "29.12.2017"]
[Round "1.61"]
[White "Anton Guijarro, David"]
[Black "Khairat, Ahmed"]
[Result "1-0"]
[WhiteTitle "GM"]
[BlackTitle "CM"]
[WhiteElo "2666"]
[BlackElo "2211"]
[WhiteFideId "2285525"]
[BlackFideId "10624171"]
[EventDate "2017.12.29"]

1. Nf3 d5 2. b3 c5 3. e3 Nc6 4. Bb5 Nf6 5. Bb2 g6 6. Bxc6+ bxc6 7. O-O Bg7 8. d3
O-O 9. Nc3 Ba6 10. Na4 Nd7 11. Bxg7 Kxg7 12. c4 e5 13. Re1 Qe7 14. Qd2 Nb6 15.
Qa5 Nxa4 16. Qxa4 Bb7 17. Qa5 Rfd8 18. Rac1 a6 19. cxd5 Rxd5 20. Qc3 f6 21. e4
Rd7 22. Red1 Rad8 23. Ne1 Rd4 24. f3 a5 25. Qxc5 Qc7 26. Rc3 a4 27. Nc2 R4d6 28.
bxa4 Ba6 29. Nb4 Bb7 30. a5 Qb8 31. a6 Bc8 32. Nxc6 Rxc6 33. Qxc6 Qa7+ 34. Qc5
Qd7 35. a7 Bb7 36. Qc7 Kf7 37. Rb1 Ke7 38. Rxb7 1-0

[Event "Mondiale Lampo FIDE 2017"]
[Site "Riyadh"]
[Date "29.12.2017"]
[Round "1.62"]
[White "Al Zamel, Khaled"]
[Black "Fedoseev, Vladimir3"]
[Result "0-1"]
[BlackTitle "GM"]
[WhiteElo "1942"]
[BlackElo "2718"]
[WhiteFideId "21500967"]
[BlackFideId "24130737"]
[EventDate "2017.12.29"]

1. e4 c5 2. d3 Nc6 3. Nd2 g6 4. Ngf3 Bg7 5. g3 Nf6 6. Bg2 d5 7. O-O O-O 8. Re1
a5 9. exd5 Nxd5 10. Nf1 a4 11. Ne3 a3 12. Rb1 axb2 13. Bxb2 Nc3 14. Bxc3 Bxc3
15. Re2 Rxa2 16. Rb3 Ra1 17. Rb1 Rxb1 18. Qxb1 Bg7 19. h4 Nb4 20. Nc4 b5 21.
Ncd2 Nd5 22. Re1 Nc3 23. Qb3 Bb7 0-1

[Event "Mondiale Lampo FIDE 2017"]
[Site "Riyadh"]
[Date "29.12.2017"]
[Round "1.63"]
[White "Georgiev, Kiril"]
[Black "Miswadah, Baha"]
[Result "1-0"]
[WhiteTitle "GM"]
[WhiteElo "2623"]
[BlackElo "1877"]
[WhiteFideId "2900017"]
[BlackFideId "11502118"]
[EventDate "2017.12.29"]

1. d4 Nf6 2. Nf3 e6 3. Bf4 d5 4. e3 c5 5. c3 Nc6 6. Nbd2 Be7 7. h3 O-O 8. Bd3
Qb6 9. Rb1 c4 10. Bc2 Qa5 11. a3 Qd8 12. O-O Bd6 13. Bxd6 Qxd6 14. e4 Qd8 15.
Re1 h6 16. e5 Nh7 17. Nf1 Ng5 18. N3h2 Ne7 19. Ng3 Bd7 20. f4 Nh7 21. Qh5 Qe8
22. Qf3 Ba4 23. Bxh7+ Kxh7 24. Re2 f5 25. exf6 Rxf6 26. Ng4 Rg6 27. f5 exf5 28.
Nxf5 Qf8 29. Nxe7 Qxf3 30. gxf3 Re8 31. Rbe1 Rg5 1-0

[Event "Mondiale Lampo FIDE 2017"]
[Site "Riyadh"]
[Date "29.12.2017"]
[Round "1.64"]
[White "Al Abdali, Zeyad Saleh"]
[Black "Amonatov, Farrukh"]
[Result "0-1"]
[BlackTitle "GM"]
[WhiteElo "1801"]
[BlackElo "2636"]
[WhiteFideId "21501505"]
[BlackFideId "14700077"]
[EventDate "2017.12.29"]

1. d4 Nf6 2. Nf3 g6 3. c4 Bg7 4. Bg5 Ne4 5. Bf4 c5 6. Nc3 Nxc3 7. bxc3 Nc6 8. e3
O-O 9. Be2 d6 10. O-O e5 11. Bg3 Qe7 12. d5 Na5 13. Nd2 f5 14. f4 exf4 15. Bxf4
Bxc3 16. Rc1 Bg7 17. Re1 Bd7 18. Bf3 g5 19. Bg3 a6 20. h3 b5 21. Kh1 Rab8 22.
cxb5 axb5 23. Nb3 Nxb3 24. axb3 Ra8 25. e4 f4 26. Bf2 Be5 27. Qd2 Ra3 28. b4 c4
29. Qe2 Rfa8 30. Bg4 Ra2 31. Qd1 Rxf2 32. Bxd7 Qxd7 33. Qh5 Kh8 34. Rg1 f3 35.
g3 Raa2 0-1

[Event "Mondiale Lampo FIDE 2017"]
[Site "Riyadh"]
[Date "29.12.2017"]
[Round "1.65"]
[White "Bacrot, Etienne"]
[Black "Alem, Ali Hussien"]
[Result "1-0"]
[WhiteTitle "GM"]
[WhiteElo "2725"]
[BlackElo "1745"]
[WhiteFideId "605506"]
[BlackFideId "21500088"]
[EventDate "2017.12.29"]

1. e4 c5 2. Nf3 d6 3. d4 cxd4 4. Nxd4 Nf6 5. Nc3 a6 6. Be3 e5 7. Nf3 Be6 8. Ng5
Be7 9. Nxe6 fxe6 10. Bc4 d5 11. exd5 exd5 12. Nxd5 Nxd5 13. Bxd5 Qa5+ 14. c3 Qb5
15. Qb3 Qxb3 16. axb3 Nc6 17. b4 Kd7 18. Ke2 b5 19. Be4 g6 20. Bb6 Bd8 21. Rhd1+
Ke7 22. Bc5+ 1-0

[Event "Mondiale Lampo FIDE 2017"]
[Site "Riyadh"]
[Date "29.12.2017"]
[Round "1.66"]
[White "Salama, Taher"]
[Black "Savchenko, Boris"]
[Result "0-1"]
[BlackTitle "GM"]
[WhiteElo "1769"]
[BlackElo "2566"]
[WhiteFideId "11502231"]
[BlackFideId "4147332"]
[EventDate "2017.12.29"]

1. d4 Nf6 2. c4 g6 3. Nc3 d5 4. e3 Bg7 5. Nf3 O-O 6. Be2 c5 7. O-O cxd4 8. exd4
Nc6 9. Bf4 b6 10. Rc1 Bb7 11. Re1 dxc4 12. Bxc4 Rc8 13. Bd3 Nb4 14. Be2 Nfd5 15.
Be5 Bh6 16. Qb3 Bxc1 17. Rxc1 Ba6 18. Bxa6 Nxa6 19. Re1 Nab4 20. Qd1 Nxc3 21.
bxc3 Nd5 22. Qd2 f6 23. Qh6 Rf7 24. Bg3 Qd7 25. h4 Rxc3 26. h5 Qg4 27. hxg6 hxg6
28. Qd2 Rxf3 29. gxf3 Qxf3 30. Qe2 Qxe2 31. Rxe2 Kf8 32. Rc2 Ke8 33. Rc8+ Kd7
34. Ra8 a5 35. Ra7+ Kc6 36. Kf1 g5 37. Ke2 Rf8 38. Kd3 Rd8 39. Kc4 Rd7 40. Ra8
b5+ 41. Kd3 a4 42. Ra6+ Kb7 43. Re6 Nb4+ 44. Kc3 Nxa2+ 45. Kb2 Nb4 46. Kc3 Nc6
47. Re4 0-1

[Event "Mondiale Lampo FIDE 2017"]
[Site "Riyadh"]
[Date "29.12.2017"]
[Round "1.67"]
[White "Socko, Bartosz"]
[Black "Alanazy, Mohammed"]
[Result "1-0"]
[WhiteTitle "GM"]
[WhiteElo "2593"]
[BlackElo "1850"]
[WhiteFideId "1107038"]
[BlackFideId "21508488"]
[EventDate "2017.12.29"]

1. d4 Nf6 2. c4 e6 3. Nf3 Bb4+ 4. Bd2 Qe7 5. g3 Nc6 6. Nc3 O-O 7. Bg2 d5 8. cxd5
exd5 9. O-O Bd6 10. Nb5 Be6 11. Nxd6 Qxd6 12. Bf4 Qd7 13. Rc1 Rac8 14. Qb3 b6
15. Rfd1 Ne7 16. Ne5 Qd8 17. Qa3 a5 18. Bg5 Ng6 19. Nc6 Qe8 20. Bxf6 gxf6 21.
Rd3 Kh8 22. Re3 Qd7 23. Rec3 Rg8 24. Na7 Bh3 25. Bf3 Nh4 26. Nxc8 Nxf3+ 27. exf3
Qxc8 28. Rxc7 Qf5 29. Qe3 Qg6 30. Re7 h5 31. Re8 h4 32. Rxg8+ Qxg8 33. Qh6+ 1-0

[Event "Mondiale Lampo FIDE 2017"]
[Site "Riyadh"]
[Date "29.12.2017"]
[Round "1.68"]
[White "Al Saidi, Mohammed Khalfan"]
[Black "Volokitin, Andrei"]
[Result "0-1"]
[BlackTitle "GM"]
[WhiteElo "1468"]
[BlackElo "2628"]
[WhiteFideId "22001271"]
[BlackFideId "14107090"]
[EventDate "2017.12.29"]

1. d4 Nf6 2. c4 g6 3. Nc3 d5 4. cxd5 Nxd5 5. e4 Nxc3 6. bxc3 Bg7 7. Bc4 c5 8.
Ne2 Nc6 9. Be3 O-O 10. O-O Na5 11. Bd3 b6 12. Qd2 e6 13. Bh6 Bb7 14. Bxg7 Kxg7
15. f4 f5 16. Qe3 fxe4 17. Bxe4 Nc4 18. Qd3 Bxe4 19. Qxe4 Qd5 20. Qxd5 exd5 21.
Ng3 cxd4 22. cxd4 Rae8 23. f5 Ne3 24. Rfc1 Nxf5 25. Rc7+ Rf7 26. Nxf5+ gxf5 27.
Rxf7+ Kxf7 28. Kf2 Rc8 29. a4 Rc4 30. Ke3 a5 31. Kd3 Rb4 32. Ra2 Kf6 33. h4 f4
34. Rf2 Kf5 35. g3 Rb3+ 36. Kc2 Rxg3 37. Re2 Re3 38. Rg2 f3 39. Rg5+ Ke4 40. Rg7
f2 41. Rf7 Rf3 0-1

[Event "Mondiale Lampo FIDE 2017"]
[Site "Riyadh"]
[Date "29.12.2017"]
[Round "1.69"]
[White "Short, Nigel D"]
[Black "Al Mahmood, Salman"]
[Result "1-0"]
[WhiteTitle "GM"]
[WhiteElo "2678"]
[BlackElo "1593"]
[WhiteFideId "400025"]
[BlackFideId "11201517"]
[EventDate "2017.12.29"]

1. e4 c5 2. Nf3 d6 3. d4 cxd4 4. Nxd4 Nf6 5. Nc3 a6 6. a4 e6 7. f4 Be7 8. Qf3
Bd7 9. Be3 Nc6 10. Bd3 O-O 11. O-O Qc7 12. Kh1 Nxd4 13. Bxd4 Bc6 14. Qg3 Kh8 15.
e5 dxe5 16. Bxe5 Qd8 17. Rad1 Bd5 18. Nxd5 exd5 19. Rde1 Bd6 20. Qh3 g6 21. Bd4
Be7 22. f5 Kg8 23. Rxe7 Qxe7 24. Qh4 Qe8 25. Qxf6 h6 26. Qg7# 1-0

[Event "Mondiale Lampo FIDE 2017"]
[Site "Riyadh"]
[Date "29.12.2017"]
[Round "2.1"]
[White "Sjugirov, Sanan"]
[Black "Carlsen, Magnus"]
[Result "1-0"]
[WhiteTitle "GM"]
[BlackTitle "GM"]
[WhiteElo "2650"]
[BlackElo "2837"]
[WhiteFideId "4189302"]
[BlackFideId "1503014"]
[EventDate "2017.12.29"]

1. Nf3 g6 2. g3 Bg7 3. Bg2 e5 4. d3 d5 5. O-O Ne7 6. e4 O-O 7. Nc3 dxe4 8. dxe4
c6 9. Be3 f6 10. Qe2 Be6 11. Rad1 Qe8 12. a4 Nd7 13. a5 Nc8 14. b3 Qe7 15. Na4
b5 16. axb6 axb6 17. c4 Qb4 18. Qc2 Rf7 19. Bd2 Qe7 20. Be3 Bf8 21. Rd3 Qe8 22.
Rfd1 Rb8 23. h4 h5 24. Nc3 Kh7 25. Qd2 Rb7 26. Ne1 Be7 27. f4 Nc5 28. Bxc5 Bxc5+
29. Kh2 Rbd7 30. Qe2 Bd4 31. f5 gxf5 32. exf5 Bxf5 33. Qxh5+ Kg7 34. Qxf5 Nd6
35. Qg4+ Kf8 36. Bxc6 Rg7 37. Bxd7 Rxd7 38. Rxd4 exd4 39. Qxd4 Qe6 40. Nf3 Qf5
41. Qf4 Qc2+ 42. Qd2 Qg6 43. Qf2 Ne4 44. Nxe4 Rxd1 45. Nc3 Rc1 46. Ne2 Rc2 47.
Nfd4 Ra2 48. Qf3 Qf7 49. h5 Kg8 50. Kh3 Qd7+ 51. Qg4+ Qxg4+ 52. Kxg4 Rd2 53. Kf5
Kf7 54. g4 Rd3 55. b4 Ra3 56. c5 bxc5 57. bxc5 Ra5 58. Nb3 Ra2 59. Ned4 Rf2+ 60.
Ke4 Rg2 61. Kf3 Ra2 62. c6 Ra4 63. Ke4 Ke7 64. Kd5 Ra8 65. Nf5+ 1-0

[Event "Mondiale Lampo FIDE 2017"]
[Site "Riyadh"]
[Date "29.12.2017"]
[Round "2.2"]
[White "Demchenko, Anton"]
[Black "Svidler, Peter"]
[Result "1/2-1/2"]
[WhiteTitle "GM"]
[BlackTitle "GM"]
[WhiteElo "2660"]
[BlackElo "2765"]
[WhiteFideId "4160258"]
[BlackFideId "4102142"]
[EventDate "2017.12.29"]

1. e4 c5 2. Nf3 e6 3. d4 cxd4 4. Nxd4 a6 5. Bd3 Bc5 6. Nb3 Be7 7. Qg4 g6 8. Qe2
d6 9. O-O Nd7 10. Nc3 Qc7 11. a4 b6 12. Be3 Ngf6 13. Bh6 Bf8 14. Qd2 Bb7 15.
Rae1 Bxh6 16. Qxh6 Ng4 17. Qh4 Ngf6 18. Qh6 Ng4 19. Qh4 Ngf6 20. Qh6 1/2-1/2

[Event "Mondiale Lampo FIDE 2017"]
[Site "Riyadh"]
[Date "29.12.2017"]
[Round "2.3"]
[White "Dreev, Aleksey"]
[Black "Le, Quang Liem"]
[Result "1/2-1/2"]
[WhiteTitle "GM"]
[BlackTitle "GM"]
[WhiteElo "2653"]
[BlackElo "2737"]
[WhiteFideId "4100107"]
[BlackFideId "12401137"]
[EventDate "2017.12.29"]

1. d4 Nf6 2. Nf3 d5 3. c4 e6 4. Nc3 Bb4 5. Bg5 h6 6. Bxf6 Qxf6 7. Qa4+ Nc6 8. e3
O-O 9. Rc1 Rd8 10. cxd5 exd5 11. Bb5 Bg4 12. Bxc6 Bxc3+ 13. Rxc3 Bxf3 14. gxf3
Qxf3 15. Rg1 bxc6 16. Qxc6 Qf5 17. Rc1 Kh7 18. Qc2 Qxc2 19. Rxc2 Rab8 20. b3 Rb7
21. Ke2 Rd6 22. Rgc1 Ra6 23. Rxc7 Rxa2+ 24. Kf3 Rxc7 25. Rxc7 Kg6 26. Rc5 Rb2
27. Rxd5 Rxb3 28. Ra5 Rb7 29. Kf4 Kf6 30. h4 g6 31. Ra6+ Kg7 32. f3 Rd7 33. Ke4
Re7+ 34. Kd3 Rb7 35. d5 Kf8 36. Kd4 Rb4+ 37. Ke5 Rb3 38. Kf4 g5+ 39. hxg5 hxg5+
40. Ke4 f5+ 41. Kxf5 Rxe3 42. Rxa7 Rxf3+ 43. Ke6 Re3+ 44. Kf6 Rf3+ 45. Kxg5 Ke8 1/2-1/2

[Event "Mondiale Lampo FIDE 2017"]
[Site "Riyadh"]
[Date "29.12.2017"]
[Round "2.4"]
[White "Christiansen, Johan-Sebastian"]
[Black "Korobov, Anton"]
[Result "0-1"]
[WhiteTitle "IM"]
[BlackTitle "GM"]
[WhiteElo "2495"]
[BlackElo "2652"]
[WhiteFideId "1512668"]
[BlackFideId "14105730"]
[EventDate "2017.12.29"]

1. e4 c5 2. Nf3 d6 3. Nc3 a6 4. d4 cxd4 5. Nxd4 Nf6 6. Rg1 h5 7. Bg5 Nc6 8. Qd2
e6 9. h3 Bd7 10. O-O-O Rc8 11. f4 Qb6 12. Be2 Nxd4 13. Qxd4 Qxd4 14. Rxd4 d5 15.
Rgd1 Bc5 16. R4d3 d4 17. e5 Nh7 18. Ne4 Nxg5 19. Nxc5 Bb5 20. fxg5 Rxc5 21. Rxd4
O-O 22. Bxb5 Rxb5 23. Re1 Kh7 24. a4 Ra5 25. h4 Kg6 26. b3 Rc8 27. Rd7 Rac5 28.
Re2 R8c7 29. Rd6 Kf5 30. Rd3 Rc3 31. Rf2+ Kg6 32. Rd4 Re3 33. Kd2 Rxe5 34. Kd3
Re1 35. Kd2 Ra1 36. Re2 b5 37. axb5 axb5 38. Rb4 Rc5 39. Rd4 e5 40. Rd6+ Kf5 41.
Rf2+ Kg4 42. Rxf7 Ra2 43. Rxg7 Raxc2+ 44. Kd3 R5c3+ 45. Ke4 Re2+ 46. Kd5 Rd3+
47. Ke6 Rxd6+ 48. Kxd6 Kxh4 49. g6 Kg5 50. Re7 Kxg6 51. Rxe5 Rxg2 52. Rxb5 h4
53. Rb8 h3 54. b4 Kh7 55. Rb7+ Rg7 56. Rb5 Kh6 57. Rb8 h2 58. Rh8+ Rh7 59. Ke5 0-1

[Event "Mondiale Lampo FIDE 2017"]
[Site "Riyadh"]
[Date "29.12.2017"]
[Round "2.5"]
[White "Nguyen, Ngoc Truong Son"]
[Black "Salem, A.R. Saleh"]
[Result "1/2-1/2"]
[WhiteTitle "GM"]
[BlackTitle "GM"]
[WhiteElo "2630"]
[BlackElo "2638"]
[WhiteFideId "12401110"]
[BlackFideId "9301348"]
[EventDate "2017.12.29"]

1. d4 Nf6 2. Nf3 g6 3. Bg5 Bg7 4. Nbd2 d5 5. e3 O-O 6. Bd3 c5 7. c3 h6 8. Bh4
Qb6 9. Rb1 Nc6 10. O-O Re8 11. Bg3 Nh5 12. Be5 Nf6 13. Bg3 Nh5 14. Be5 Nf6 15.
Bg3 Nh5 16. Be5 Nf6 1/2-1/2